000 00478cam a2200193 4500
001 D3236
008 090401t1979 xxu||||| |||| 00| 0 eng d
035 _a(Sirsi) u72477
041 _aeng
050 _a333.337
100 _aDoswell, Roger
245 _aMarketing and planning hotels and tourism projects
260 _aLondon
_bBarrie and Jenkins
_c1979
300 _aviii. 216p. 24cm
350 _a9.95
700 _aGamble, Paul R
942 _n0
948 _c04/03/1997
999 _c95508
_d95508